00512nam a2200181 a 45000010010000000030011000100080041000210350026000620820014000881000023001022450022001252600036001476500010001839420012001939520090002059980020002959990015003150000-9279ELIB.Books110520 1968  a(ELIB.Books)0000-9431 a220 bDan aDaniel-Rops, Henri aWhat is the Bible bGarden City: Image Books c1968 aBible 2ddccBK 00102ddc4070aKBTSbKBTSd2011-05-20l0p1452r2022-01-22 00:00:00w2022-01-22yBK cbate2011-05-20 c9279d9279